000 00575nam a2200193Ia 4500
005 20260114185624.0
008 008 260114s9999 xx 000 0 eng d
020 _a9781474295918
037 _aEBOOK
040 _aCRL
_beng
_cCRL
041 _aeng
_2eng
084 _qCRL
100 _aDaniel C. Williamson
_9872343
245 0 _aAnglo-Irish Relations in the Early Troubles 1969-1972
260 _bBloomsbury
_c2016
856 _uhttps://doi.org/10.5040/9781474295918?locatt=label:secondary_bloomsburyCollections
942 _cEBOOK
999 _c1471291
_d1471291